000 00484nam a2200169Ia 4500
999 _c7342
_d7342
008 200103s 1996 ||||xx |||||||||||||| ||und||
082 _a621.4022
_bDOM
100 _aDomkundwar, V. M.
245 0 _aHeat and mass transfer data book (S.I. units)
260 _bDhanpat Rai & Sons
_c1996
_aDelhi
300 _a242 p.: ill.
650 _aHeat transfer
650 _aradiation heat transfer
650 _aMass transfer
700 _aDomkundwar, A. V.
_eCo-author
942 _cBK